000 00727nam a2200265Ia 4500
001 Para_7457
003 CHAP
008 220125s9999 xx 000 0 und d
010 _a206345
040 _cCHAP
082 _aPA-C 632.3 M4
245 _aUniform experiment over the resistance of rust on several wheat virieties
260 _as.l. :
_b s.e.
300 _a9 p.
500 _aEncuadernado con otros impresos similares
650 _aFitopatología
_x colecciones de escritos
_9172523
650 _aUredinales
_9116893
901 _aPA-C 632.3 M4
902 _aA
905 _a000000 f 0000000000 00
910 _a
942 _cPARA
942 _cPARA
_d1
999 _c206345
_d206345